000
00295nam a2200121 a 4500
008
110105s1956|||| d
100
1
_a
Lenin, V. I.
245
1
0
_a
Spisy 21
_b
August 1914 - december 1915
260
_b
VPL
_a
Bratislava
_c
1956
020
_c
11,80
044
_a
xo
_c
SK
041
_a
slo
999
_c
15495
_d
15495